000 00511nam a2200205Ia 4500
005 20241216010805.0
008 181213s9999||||xx |||||||||||||| ||und||
082 _a636
_bK56
100 _aKING, J. O. L.
245 0 _aINTRODUCCION A LA ZOOTECNIA
250 _a0
260 _aESPA±A
_bACRIBIA
_c1981
300 _a526 pag
_c21 cm
341 _h0
490 _v0
_a0
505 _aCABALLOS-VACUNO-CABRAS/OVEJAS-CERDOS-CONEJOS
541 _aC
_d19-Dec-94
650 _aCIENCIAS APLICADAS
942 _cLIBRO
999 _c24124
_d24124